| 000 | 00771nam a22002057a 4500 | ||
|---|---|---|---|
| 999 |
_c21261 _d21261 |
||
| 003 | AR-CdUCM | ||
| 008 | 190506b ||||| |||| 00| 0 spa d | ||
| 040 |
_aMUNICIPALIDAD PROVINCIAL DEL CUSCO _cBIBLIOTECA MUNICIPAL DEL CUSCO |
||
| 082 |
_a531.2/C31 _bC31 |
||
| 100 |
_aCarrillo Segunda, Salinova _944413 |
||
| 245 | _aEstática / | ||
| 260 |
_aCusco ; _bPrimavera, _c2017. |
||
| 300 |
_a146 Páginas. : _c20 cm. |
||
| 505 | _aContenido: Principios generales -- Cuerpos rígidos -- Equilibrio de cuerpos rígidos --Centroides y centros de gravedad -- Análisis de estructuras -- Fuerza en vigas y cables -- Momento de inercia ... | ||
| 650 |
_aEstática _920065 |
||
| 650 |
_aFísica _92382 |
||
| 650 |
_aIngeniería _910043 |
||
| 942 |
_2ddc _cLIBROS |
||
| 945 | _aRoel | ||